[Event "Decameron"]
[Site "Decameron"]
[Date "2003.12.09"]
[Round "6"]
[White "Campora, Daniel Hugo"]
[Black "De la Paz Perdomo, Frank"]
[Result "1-0"]
[WhiteElo "2503"]
[BlackElo "2427"]
[Annotator "Atlas,V"]
[PlyCount "53"]
[EventDate "2003.12.06"]
[EventType "tourn"]
[EventRounds "9"]
[EventCountry "DOM"]
[EventCategory "9"]
[SourceTitle "CBM 099"]
[Source "ChessBase"]
[SourceDate "2004.03.30"]
[SourceVersion "1"]
[SourceVersionDate "2004.03.30"]
[SourceQuality "1"]

1. e4 e5 2. d4 exd4 3. Qxd4 Nc6 4. Qe3 Bb4+ 5. Bd2 Nf6 6. Nc3 O-O 7. O-O-O Re8
8. Qg3 Rxe4 9. a3 Rg4 10. Qe3 Ba5 11. f3 Rd4 12. Bd3 Bxc3 13. Bxc3 Nd5 14. Qd2
Nxc3 15. Qxc3 Rh4 16. Ne2 d6 17. h3 Rh6 18. Rhe1 Bd7 19. Be4 Qh4 20. Nd4 Nxd4
21. Rxd4 Qg5+ 22. Kb1 c6 (22... c5 {was a better option.}) 23. Qb4 $1 d5 $2 ({
A big mistake, after which Black's position becomes critical.} 23... Qb5 {
was to be preferred.}) 24. Qxb7 Rd8 {[%tqu "En","Black's pieces are badly
coordinated. How can White exploit it?","Exploit the weakness of Black's back
rank.","Sacrifice your bishop!","e4d5","This excellent move decides the game
for White.",5]} 25. Bxd5 $1 {[%csl Gb7,Rd7,Rd8,Ge1,Rg8][%cal Ge1e8] This
powerful blow, exploiting weakness of Black's back rank, yields White a
decisive advantage.} Be6 ({If} 25... cxd5 {, then} 26. Qxd7 {, and queen is
invulnerable:} Rxd7 27. Re8#) 26. Bxe6 fxe6 27. Qxc6 (27. Qxc6 {, winning a
second pawn and the game:} Rxd4 28. Qe8#) 1-0

[Event "Dos Hermanas"]
[Site "Dos Hermanas"]
[Date "1995.??.??"]
[Round "6"]
[White "Shirov, Alexei"]
[Black "Karpov, Anatoly"]
[Result "0-1"]
[WhiteElo "2710"]
[BlackElo "2780"]
[Annotator "Bangiev,A"]
[PlyCount "46"]
[EventDate "1995.04.??"]
[EventType "tourn"]
[EventRounds "9"]
[EventCountry "ESP"]
[EventCategory "18"]
[SourceTitle "CBM 047"]
[Source "ChessBase"]
[SourceDate "1995.08.01"]
[SourceVersion "1"]
[SourceVersionDate "1995.08.01"]
[SourceQuality "1"]

1. e4 {Blatny,P Knaak Horvath,T Tischbierek} e5 2. d4 exd4 3. Qxd4 Nc6 4. Qe3
Nf6 5. Nc3 Bb4 6. Bd2 O-O 7. O-O-O Re8 8. Qg3 (8. Bc4 {Blatny,P} Bxc3 (8... d6
9. f3 Na5 10. Bb3 Nxb3+ 11. axb3 a5 $1 {Romero Holmes-Karpov/Madrid/1992/0-1/ ;
CBM 30}) 9. Bxc3 Nxe4 10. Qf4 Re7 (10... Nf6 11. Nf3 d6 12. Ng5 Be6 13. Bd3 h6
14. h4 Nd5 15. Bh7+ Kh8 16. Rxd5 Bxd5 17. Be4 f6 $2 (17... Rxe4 $142) 18. Bxd5
fxg5 19. hxg5 Ne5 20. g6 {/\Rxh6; 1-0 Winawer,S-Steinitz,W/Nuernberg 1896 ;
Mainbase}) 11. Bxf7+ Rxf7 12. Qxe4 Qg5+ 13. Rd2 d5 14. Qxd5 Qxd5 15. Rxd5 Rxf2
$13 {Granda Zuniga-Fernand/Pamplona/1991/}) 8... d6 (8... Nxe4 $6 {Knaak Warum
soll Schwarz diesen Bauern nicht verspeisen?} 9. Nxe4 Rxe4 {Fritz gibt die
Antwort nicht, aber er kann uns, die schwarzen Steine führend, bei der Analyse
helfen.} 10. Bf4 $1 (10. c3 Bf8 11. Bd3 Re8 12. Nf3 $44 {Soweit die Antwort
der Enzyklopädie. Aber war es das schon? Schwarz hat doch im Nu alle Figuren
im Spiel und bisher keine Schwächen. Eine tiefere Analyse wäre von Nöten.} d6
13. Ng5 g6 14. h4 (14. f4) 14... Ne5 15. Bc2 h6 16. h5 $6 (16. Ne4) 16... hxg5
17. hxg6 Be7 18. gxf7+ Nxf7 {und es fällt schwer, so einen zähen Gegner wie
Fritz in der Analyse zu bezwingen. Fazit: 8...Nxe4 ist nicht ohne Weiteres zu
widerlegen, aber kein Großmeister spielt so, weil andere Züge gut genug sind.})
10... Qf6 (10... d6 {Jetzt nimmt der Bb4 nicht an der Verteidigung teil.} 11.
Bd3 Re8 12. Nf3 Bd7 13. Bg5 f6 14. Qh4 fxg5 15. Qxh7+ Kf8 16. Qh8+ Kf7 17. Qh5+
Ke7 18. c3 $18) 11. Nh3 {Knaak} (11. Bxc7 $2 d6 12. Bxd6 Qh6+ 13. Kb1 Bxd6 $19)
11... d6 12. Bd3 Nd4 (12... Re8 13. Bg5 Qe5 14. Bf4 Qh5 $17) 13. Be3 {
Mieses-Capablanca/Berlin/1913/} Rg4 14. Bxd4 Rxd4 15. c3 Bxc3 16. bxc3 Rg4 17.
Qe3 Qxc3+ 18. Bc2 Qxe3+ 19. fxe3 Rxg2 $17 {Capablanca}) (8... Rxe4 $5 9. a3 $5
(9. f3 $6 Re6 10. Bd3 d5 11. Nge2 Ne5 12. Bf5 Re8 $17 {Marosi,Cs-Majdanic/
Szekszard/1989}) (9. Bd3 Rg4 10. Qh3 Ne5 11. f4 Nxd3+ 12. Qxd3 d5 13. g3 Rg6
14. Nf3 Bg4 15. f5 Bxf3 16. Qxf3 Rg4 17. Bf4 Bxc3 18. Qxc3 Qd7 19. h3 Rxf4 20.
gxf4 Qxf5 21. Qe5 Qd7 22. Rhg1 Qc6 23. Qg5 g6 24. f5 Re8 25. fxg6 hxg6 26. Rg2
Kg7 27. h4 Rh8 28. Rf1 Rh5 29. Qf4 Qe6 30. Rg5 Rxg5 31. hxg5 Ne4 32. Qxc7 Nxg5
33. Qc3+ f6 34. Qc7+ Qf7 35. Qd8 Nh3 36. Re1 {1-0 Zinn,L-Sax,Gy/Baja 11/189
1971}) 9... Bd6 $6 (9... Rg4 $5 10. Qh3 Bxc3 11. Bxc3 d5 12. Bd3 Rc4 13. Qg3
Rxc3 14. bxc3 Qe7 $13) (9... Bxc3 10. Bxc3 d6 11. f3 $44) 10. f4 Re8 11. Nf3
Bc5 $6 12. Bd3 d5 13. Rde1 Rxe1+ 14. Rxe1 Ne7 15. Nh4 Ng6 16. Nf3 Ne7 17. Ne5
Bf5 18. Bxf5 Nxf5 19. Qd3 Ne7 20. g4 c6 21. g5 Nd7 $2 (21... Ne4 $1 22. Nxe4
dxe4 23. Qxe4 Qd5 $14) 22. Ng4 Nb6 23. f5 Qd7 24. Rf1 Bd6 $2 25. Qh3 Kh8 26. f6
gxf6 27. gxf6 Ng6 $2 28. Bh6 Bf8 29. Bg7+ Bxg7 30. fxg7+ Kxg7 31. Qh6+ Kh8 32.
Nf6 {1-0 Shabalov,A-Ivanov,AV/USA-ch (02) ;CBM 44 1994}) 9. f3 Ne5 (9... Be6 {
Horvath,T} 10. Nh3 Qe7 11. Nf4 Rad8 12. Kb1 $16 {Mieses-Spilmann/1914/}) 10. h4
Kh8 $146 (10... Nh5 11. Qf2 Bc5 12. Qe1 Be6 13. Bg5 $5 (13. f4 Ng4 14. Nh3 Nhf6
$13) 13... Nf6 14. h5 $5 h6 15. Bh4) (10... c6 11. h5 d5 12. Nge2 Nc4 13. h6 g6
14. Bg5 Qb6 15. Na4 $36 {Horvath,T} Qa5 16. Bxf6 Qxa4 17. Nc3 $16 {
Morozevich-Hebden/Lloyds Bank/1994}) 11. Nh3 (11. h5 $5 h6 $5 12. Qh2 $5 (12.
Nge2 Nc4 $5 (12... Be6 13. a3 Ba5 14. Nf4 $13) 13. Bf4 (13. Bxh6 $6 gxh6 14.
Qf4 Ng8 $1 (14... Kh7 15. e5 $5 (15. Nd5 Nxd5 16. Qxf7+ (16. exd5 Qg5 $17)
16... Kh8 17. Qxd5 Ne5 18. f4 (18. Nf4 $2 Qg5 $19) 18... Be6 19. Qxb7 Rb8 $13)
15... Bxc3 16. Qxc4 (16. exf6 $2 Bxb2+ 17. Kb1 Ne3 $17) 16... Bxe5 17. Qxf7+
Kh8 18. f4 (18. Qg6 Ng8 $17) 18... Qe7 19. Qxe7 (19. Qg6 Bxf4+ 20. Nxf4 Qe3+
21. Kb1 Qxf4 $19) 19... Rxe7 20. fxe5 Rxe5 (20... dxe5 21. Rd8+ Re8 (21... Kg7
22. Ng3) 22. Rxe8+ Nxe8 23. Nc3 $13) 21. Nf4 Bf5 $13) 15. Nd5 Ba5 16. Qxf7 Be6
17. Qg6 Ne5 $17) 13... Be6 (13... c6 14. e5 $5) 14. Kb1 (14. e5 $6 Nd7 15. exd6
cxd6 $5 16. Kb1 Rc8 $36) 14... c6 $36 15. Nd4 $5 Bxc3 16. Nxe6 Na3+ $1 17. Kc1
Rxe6 18. bxc3 Qb6 19. Bd3 d5 $132) 12... c6 13. g4 $132 Nh7 (13... Be6 14. g5
hxg5 15. h6 g6 16. Bxg5 $36) 14. Qg3 $36) 11... Nh5 $1 12. Qh2 $6 (12. Qg5 Qxg5
(12... f6 $6 {Die Idee, die weiße Dame zu fangen, ist unrealistisch.} 13. Qxh5
Be6 (13... g6 14. Qh6 $16) 14. Ng5 $1 fxg5 15. hxg5 $16) 13. hxg5 Ng3 14. Rh2
$13) (12. Qf2 $5 {/\ g4} Bc5 13. Qe1 c6 14. Bg5 $36 Qa5 15. f4 Ng4 16. Be2 h6
17. f5 $1 $36) 12... c6 (12... Qxh4 $6 13. Ng5 Qxh2 14. Rxh2 Nf6 15. Nxh7 (15.
Nd5 $6 Bxd2+ 16. Kxd2 Nxd5 17. Rxh7+ Kg8 18. exd5 f6 $17) 15... Nxh7 16. Bb5 c6
(16... Re6 17. Rdh1 Rh6 18. Bxh6 $16) 17. Rdh1 f6 18. Rxh7+ Kg8 19. Rh8+ Kf7
20. Rxe8 Kxe8 21. Rh8+ $14) 13. a3 (13. Ng5 $5 $13) 13... Ba5 14. Be2 $6 {
/\ f4 aber zu spät ЧҐ} (14. Ng5 $5 Qe7 (14... f6 15. Qxe5 $5 dxe5 (15... fxe5 {
Tischbierek} 16. Nf7+ Kg8 17. Nxd8 Rxd8 18. Bc4+ Kf8 19. b4 Bb6 20. Bg5 Nf6)
16. Nf7+ Kg8 17. Nxd8 Rxd8 18. Bc4+ Kf8 19. g4 Nf4 20. Bxf4 Rxd1+ 21. Rxd1 exf4
22. Ne2 Bc7 23. h5 Ke7 24. Nd4 Bd7 25. Nf5+ Bxf5 26. gxf5 $36 {-> Pg7}) (14...
h6 {Blatny,P} 15. Qxe5 hxg5 (15... dxe5 16. Nxf7+ Kh7 17. Nxd8 Rxd8 $18) 16.
Qxg5 Nf6 17. h5 $40) 15. g4 $36 Nf6 16. Qg3 h6 17. f4 $5 Nexg4 18. Be2 $44) (
14. Nf4 {Horvath,T} Nxf4 15. Qxf4 Be6 16. g4 b5 $15) 14... Bxh3 $1 15. Qxh3 (
15. gxh3 Qxh4 $17) 15... Bxc3 16. bxc3 (16. Bxc3 Nf4 $19) 16... Nf6 $17 17. c4
$2 (17. Bg5 $142 {Blatny,P /^h4-d8} h6 $6 {Tischbierek} 18. Qf5) 17... Qb6 {
/\ Qc5} 18. f4 Ned7 19. Bd3 Nc5 20. e5 Na4 21. Bb4 dxe5 22. c5 Qc7 23. Bc4 a5 (
23... a5 {Blatny,P} 24. Bd2 Nxc5 25. fxe5 Qxe5 $19) 0-1

[Event "Hoogovens-B"]
[Site "Wijk aan Zee"]
[Date "1996.01.23"]
[Round "7"]
[White "Van de Mortel, Jan"]
[Black "Onischuk, Alexander"]
[Result "0-1"]
[WhiteElo "2315"]
[BlackElo "2580"]
[Annotator "Bangiev,A"]
[PlyCount "88"]
[EventDate "1996.01.16"]
[EventType "tourn"]
[EventRounds "11"]
[EventCountry "NED"]
[EventCategory "10"]
[SourceTitle "CBM 052"]
[Source "ChessBase"]
[SourceDate "1996.06.01"]
[SourceVersion "1"]
[SourceVersionDate "1996.06.01"]
[SourceQuality "1"]

1. e4 {Hecht} e5 2. d4 exd4 3. Qxd4 Nc6 4. Qe3 g6 5. Nc3 Bg7 6. Bd2 (6. h4 $6
Nf6 (6... Nge7 7. h5 d6 8. hxg6 fxg6 9. Bd2) 7. f3 O-O $15) 6... Nge7 7. O-O-O
O-O 8. h4 (8. Nd5 $5 Nxd5 (8... d6 9. Bc3 Nxd5 10. exd5 Re8 11. Qg3 Bxc3 12.
Qxc3 Ne5 $13) 9. exd5 Re8 10. Qg3 Ne7 (10... Qf6 11. Bc3 Bh6+ 12. Kb1 $16) 11.
h4 $5 (11. d6 $6 cxd6 12. Qxd6 Qb6 $36) 11... Nxd5 12. h5 Qf6 13. c3 d6 14. Bg5
Qe5 15. Qxe5 Rxe5 16. Nf3 $13) (8. Bc4 $5) 8... d5 $1 9. exd5 Nxd5 10. Qg3 (10.
Nxd5 Qxd5 11. Qb3 $5 $10 (11. Bc3 $6 Qxa2 12. h5 Bg4 13. f3 Rad8 14. Bd3 Bxc3
15. bxc3 Rfe8 $17)) 10... Ndb4 $5 11. a3 a5 $5 {Ein positionelles Figurenopfer
für die schnelle Öffnung des Spieles am Damenflügel.} 12. Bg5 (12. axb4 axb4
13. Nb1 Ra2 14. c3 Na5 $40) (12. h5 $2 Bxc3 13. Bxc3 Na2+ $19) (12. Nge2 $5)
12... Qe8 13. axb4 axb4 14. Nd5 Bf5 15. Bd3 (15. Nf6+ Bxf6 16. Bxf6 Ra1+ 17.
Kd2 Qd7+ 18. Bd3 Rxd1+ 19. Kxd1 b3 20. Kc1 bxc2 $17) 15... Qe6 $5 {Bei
heterogenen Rochaden brechen die Gegner hinter sich alle Brücken ab und wollen
um jeden Preis die Initiative ergreifen, als erster gegen den feindlichen
König Drohungen schaffen.} 16. Bxf5 (16. Nxc7 $5 Bxb2+ $5 (16... Ra1+ 17. Kd2
$18) (16... Bc3 17. bxc3 bxc3 18. Ba6 $1 (18. Nxa8 $2 Qa2 $19) 18... Rxa6 19.
Qxc3 $16) 17. Kxb2 Qa2+ 18. Kc1 Qa3+ 19. Kd2 Qc3+ 20. Ke2 Nd4+ 21. Kf1 Ra1 22.
Bc1 $13) 16... Ra1+ 17. Kd2 Qxd5+ 18. Bd3 Rxd1+ 19. Kxd1 b3 $5 (19... Ra8 20.
Bc1 $16) 20. Ne2 Re8 21. Nc3 $2 (21. c4 $5 Qd7 (21... Qa5 22. Bc1 Nb4 23. Rh3
$16) 22. Nc1 Nb4 23. Rh3 $16 {Die weiße Stellung scheint ganz in Ordnung zu
sein.}) (21. c3 Ne5 22. Rh3 (22. Nc1 Nc4 $44) 22... Nxd3 23. Qxd3 Qxg2 24. Re3
Ra8 $13) 21... Bxc3 22. bxc3 b2 $17 23. Kd2 Qa2 24. Qxc7 b1=N+ (24... b1=Q {
ebenfalls möglich} 25. Rxb1) 25. Rxb1 Qxb1 26. Be3 Ne5 27. Be2 b5 28. Qd6 Nc4+
29. Bxc4 bxc4 {HechT: DL-DT: gefährdete schwarze K-Stellung ==> 1)
Verteidigung 2) Gegenangriff über die b-Linie} 30. Qf6 Qh1 31. g4 (31. Bh6 Qe1#
) 31... Qe4 32. h5 Qe5 33. Qf3 Qe6 34. h6 f6 35. Qb7 Qe7 36. Qd5+ Qf7 37. Qb5
g5 38. Qc6 Qe6 39. Qb7 Re7 40. Qb8+ Kf7 41. Qg3 Qd5+ 42. Ke2 Rb7 43. Qg1 Rb2
44. Qc1 Qd3+ 0-1

[Event "Women-Veterans"]
[Site "Prague"]
[Date "1995.??.??"]
[Round "8"]
[White "Polgar, Judit"]
[Black "Hort, Vlastimil"]
[Result "1-0"]
[WhiteElo "2635"]
[BlackElo "2560"]
[Annotator "Blatny,P"]
[PlyCount "93"]
[EventDate "1995.07.??"]
[EventType "schev"]
[EventRounds "5"]
[EventCountry "CZE"]
[SourceTitle "CBM 048"]
[Source "ChessBase"]
[SourceDate "1995.10.01"]
[SourceVersion "1"]
[SourceVersionDate "1995.10.01"]
[SourceQuality "1"]

1. e4 {Bangiev} e5 2. d4 exd4 3. Qxd4 Nc6 4. Qe3 (4. Qa4 Nf6 5. Nc3 Bc5 6. Bb5
O-O 7. Nf3 d6 8. Bxc6 bxc6 9. Bg5 Rb8 10. O-O-O h6 11. Bh4 Rb4 12. Qxc6 g5 13.
Qxc5 dxc5 14. Rxd8 Rxd8 15. Nxg5 Rd6 $1 $17 {Doncevic-Fries Nielsen/BL/1989/})
4... Nf6 5. Nc3 (5. Be2 Qe7 6. Nc3 d5 7. exd5 Nb4 8. Bd3 Nfxd5 $15 {
Mason-Schlechter/Paris/1900/}) (5. Bd2 $5) (5. Bc4 Ne5 6. Bb3 Bb4+ 7. Nc3 (7.
c3 $2 Bc5 $1 8. Qg3 $2 (8. Qxc5 $4 Nd3+ $19) 8... Bxf2+ $1 9. Kxf2 (9. Qxf2
Nd3+ $19) 9... Nxe4+ $19) 7... O-O $10) (5. e5 $6 Ng4 6. Qe2 (6. Qe4 d5 7.
exd6+ Be6 8. dxc7 Qd1+ $1 9. Kxd1 Nxf2+ 10. Ke1 Nxe4 $15) 6... d6 $5 7. exd6+ (
7. f3 $5) 7... Be6 8. dxc7 Qxc7 $44 {/\0-0-0,Bc5,Rhe8->}) 5... Bb4 6. Bd2 O-O
7. O-O-O Re8 (7... d6 {Bangiev} 8. Qg3 Ne5 9. f3 c6 10. Nge2 b5 11. Bg5 Qe7 12.
f4 Ng6 13. f5 Ne5 14. Nf4 a6 15. a3 Ba5 16. Nh5 Nxh5 17. Bxe7 Nxg3 18. hxg3 Re8
19. Bxd6 Bxc3 20. bxc3 g6 21. Bxe5 Rxe5 22. Rd8+ Kg7 23. fxg6 fxg6 24. Bd3 Re7
25. c4 Bb7 26. Rxa8 Bxa8 27. Rf1 Bb7 28. cxb5 cxb5 29. Kd2 Kh6 30. Ke3 Kg5 31.
Rf4 Rd7 32. Rh4 {Morovic,I-Garcia Padron,J/Las Palmas 1991/1-0 (45)}) 8. Qg3 (
8. f3 d5 {=/+/=}) (8. Bc4 Bxc3 (8... d6 9. f3 Na5 10. Bb3 Nxb3+ 11. axb3 a5 12.
Qf2 Bd7 13. Nge2 a4 14. bxa4 Bxa4 15. Nb1 Bc5 16. Be3 b6 17. Bd4 Bd7 18. g4 Ra5
19. Nf4 Bc6 $13 {Romero-Karpov/Madrid/1992/}) 9. Bxc3 Nxe4 (9... Rxe4 10. Bxf6)
10. Qf4 Nf6 (10... Re7 11. Bxf7+ Rxf7 12. Qxe4 $18) 11. Nf3 d6 12. Ng5 Be6 13.
Bd3 h6 14. h4 $1 Nd5 (14... hxg5 15. hxg5 Nd5 16. Rh8+ $1 Kxh8 17. Qh4+ Kg8 18.
Bxg7 $1 Kxg7 19. Qh6+ Kg8 20. Rh1 $18) 15. Bh7+ Kh8 16. Rxd5 $1 Bxd5 17. Be4 $1
{/\Nf7,Qh6} Rxe4 $1 (17... f6 $2 18. Bxd5 fxg5 19. hxg5 Ne5 20. g6 {1:0
Winawer-Steinitz/Nuernberg/1896/}) 18. Nxe4 Ne5 19. Nxd6 $1 Qxd6 (19... cxd6
20. Rd1 Bxg2 21. Bxe5 f6 22. Bxd6 $14) 20. Bxe5 Qc6 21. Rd1 Be4 $10 {de
Greef-Seibold/corr/1931/}) 8... Rxe4 (8... d6 9. f3 Ne5 10. h4 Kh8 (10... c6 {
Bangiev} 11. h5 d5 12. Nge2 Nc4 13. h6 g6 14. Bg5 Qb6 15. Na4 Qa5 16. Bxf6 Qxa4
17. Nc3 Bxc3 18. Bxc3 Ne3 19. b3 Qxa2 20. Rd2 Qa3+ 21. Bb2 Qe7 22. Be2 dxe4 23.
fxe4 Qxe4 24. Qg5 Nd5 25. Rxd5 Qxd5 26. Qf6 Kf8 27. Bc4 {1-0 Morozevich,
A-Hebden,M/London Lloyds (06) ;EXP 43 1994}) 11. Nh3 Nh5 12. Qh2 c6 13. a3 Ba5
14. Be2 $2 (14. Ng5 $142) 14... Bxh3 $1 15. Qxh3 Bxc3 $1 $40 {Shirov,A-Karpov,
A/Dos Hermanas/1995/}) 9. a3 $1 (9. Nxe4 $2 Nxe4 10. Qf4 Bxd2+ 11. Rxd2 Nxd2
12. Qxd2 d5 $17) (9. Bg5 {Bangiev} Bxc3 $17) (9. Bd3 {Bangiev} Rg4 $17) (9. Be2
{Bangiev} Bxc3 $17) 9... Bxc3 (9... Bd6 $6 {Bangiev} 10. f4 Re8 11. Nf3 Bc5 $6
(11... Bf8 $5) 12. Bd3 d5 (12... d6 $5 13. Rde1 Rxe1+ 14. Rxe1 Ne7 15. Nh4 Bd7
$15) 13. Rde1 Rxe1+ 14. Rxe1 Ne7 15. Nh4 Ng6 16. Nf3 Ne7 17. Ne5 Bf5 (17... Nf5
18. Qf3 Nd4 19. Qf1 Bf5 20. Bxf5 Nxf5 21. Qd3) 18. Bxf5 Nxf5 19. Qd3 Ne7 20. g4
c6 21. g5 Nd7 $2 (21... Ne4 $1 22. Nxe4 dxe4 23. Qxe4 Qd5 $14) 22. Ng4 Nb6 (
22... Qf8 $1 23. f5 f6 24. g6 $13) 23. f5 Qd7 24. Rf1 Bd6 $2 (24... Nc4 $142 $1
) 25. Qh3 Kh8 (25... Nxf5 $2 26. Rxf5) 26. f6 gxf6 27. gxf6 Ng6 $2 (27... Ng8
28. Qh5 {/\Rf3-h3} (28. Qh5 $1 Nc4 29. Rf3 $1 Nxd2 30. Rh3 Nb3+ 31. Kb1 $1 h6
32. Qg5 Bf8 33. Nxh6 Qxh3 34. Qxg8#)) 28. Bh6 Bf8 29. Bg7+ Bxg7 30. fxg7+ Kxg7
31. Qh6+ Kh8 32. Nf6 {1-0 Shabalov,A-Ivanov,AV/USA-ch (02)44 1994}) (9... Rg4
$5 {Bangiev} 10. Qe3 (10. Qh3 Bxc3 11. Bxc3 d5 12. Bd3 Rc4 13. Qg3 Rxc3 14.
bxc3 Qe7 $13) 10... Ba5 11. f3 Rg6 12. h4 Bb6 13. Qe1 d6 14. h5 Nxh5 15. Rxh5
Bxg1 16. Bd3 Bc5 17. Qh1 (17. Rxh7 $5 Kxh7 18. Qh1+ Kg8 19. Qh5 Ne5 $1 20. Rh1
Nxd3+ 21. cxd3 Kf8 22. Nd5 Ke8 $16) (17. Bxg6 fxg6 18. Rh1 $13) 17... h6 18.
Bxg6 $1 fxg6 19. Rxc5 dxc5 20. Bxh6 Qf8 21. Be3 b6 22. Ne4 $36 {es droht 23.Ng5
}) 10. Bxc3 d5 (10... d6 {Bangiev} 11. Bd3 Re8 12. h4 $44) 11. f3 $5 Re6 (11...
Re3 12. Bxf6 Qxf6 13. Qxc7) 12. Ne2 d4 $6 (12... Rd6 $142 13. Nd4 (13. Qh4 $5)
13... Nxd4 14. Bxd4 $44) 13. Nxd4 Rd6 14. Qh4 (14. Qf4 $2 {Bangiev} Nd5 $17) (
14. Qf2 {Bangiev} Nd5 $15 15. Nxc6 $6 Nxc3 $1 $17) 14... Be6 (14... Nd5 {
Bangiev} 15. Qxd8+ Rxd8 16. Nxc6 bxc6 17. Bd4 $16) (14... Ne5 {Bangiev} 15. Re1
Ng6 16. Qf2 $14) (14... Bf5 $5 {Bangiev} 15. Bb5 Nxd4 16. Bxd4 c6 17. Bc4 Nd5
$14) 15. Be2 (15. Bb5 $5 {Bangiev} Nxd4 (15... Nd5 {Bangiev} 16. Qxd8+ Nxd8 (
16... Raxd8 {Bangiev} 17. Nxc6 (17. Nxe6 {Bangiev} Nxc3 $2 18. Nxd8 Nxd1 19.
Nxc6 bxc6 20. Rxd1 Rxd1+ 21. Kxd1 cxb5 22. Kd2 $18) 17... bxc6 $1 $13) 17. Bd2
c6 18. Bd3 $14) 16. Bxd4 $14) 15... Nd5 16. Qxd8+ Raxd8 17. Nxe6 Rxe6 (17...
Nxc3 $2 18. Nxd8 Nxe2+ 19. Kb1 Nxd8 20. Rxd6 cxd6 21. Re1 $18) 18. Bc4 Red6 19.
Bd2 {+/=/+/- ^^ _|_} Nb6 20. Ba2 Nd4 21. Rhe1 Nf5 (21... c5 $5 22. Re7 $140 c4
$132) 22. b4 $1 c6 23. c3 h6 24. Bb3 R6d7 25. a4 Nd5 26. a5 a6 27. Re4 g5 28.
g3 Nd6 29. Rd4 Nb5 30. Rd3 $16 Ndxc3 $2 (30... Nf4 $6 31. Rxd7 Ne2+ 32. Kb2
Rxd7 33. c4 Nbd4 (33... Nc7 34. Bxg5 $1 Rxd1 35. Bxd1 $18 {_|_}) 34. Be3 Kf8
35. Rd2 $1 {/\Bd1+-}) (30... Ne7 $142 $16 {_|_}) (30... Nbc7 {Bangiev} 31. Be3
Ne6 32. Bf2 (32. Bxd5 Rxd5 33. Rxd5 Rxd5 34. Rxd5 cxd5 $14) 32... Kf8 33. Kc2
$14) 31. Rxc3 Nxc3 32. Bxc3 Rxd1+ 33. Bxd1 Rd5 34. Bc2 Kf8 35. Be4 Rd7 36. Bf5
Rd8 37. g4 $18 {_|_} Ke7 38. Kc2 f6 39. Kb3 Re8 (39... Rd1 40. Bc8 $18) 40. Kc4
Kd6 41. Be4 Re6 42. Be1 $1 Re7 43. Bg3+ Kd7 44. Kc5 Kd8 45. Kb6 Rd7 46. Bf5 Rd4
47. Be1 (47. Be1 Rd1 48. Bc3 $18) 1-0

[Event "Hastings 9697"]
[Site "Hastings"]
[Date "1996.??.??"]
[Round "1"]
[White "Xie, Jun"]
[Black "Flear, Glenn C"]
[Result "1-0"]
[WhiteElo "2510"]
[BlackElo "2435"]
[Annotator "Blatny,P"]
[PlyCount "55"]
[EventDate "1996.12.??"]
[EventType "tourn"]
[EventRounds "9"]
[EventCountry "ENG"]
[EventCategory "13"]
[SourceTitle "CBM 057"]
[Source "ChessBase"]
[SourceDate "1997.04.01"]
[SourceVersion "1"]
[SourceVersionDate "1997.04.01"]
[SourceQuality "1"]

1. e4 e5 2. d4 exd4 3. Qxd4 Nc6 4. Qe3 Nf6 5. Nc3 (5. c4 $2 Bb4+ 6. Nc3 O-O 7.
f3 d5 $1 $17) 5... Bb4 (5... Be7 6. Qg3 O-O 7. Bh6 Ne8 8. Bf4 d6 9. O-O-O $14)
6. Bd2 O-O 7. O-O-O Re8 8. Qg3 Rxe4 $6 (8... d6 9. f3 Ne5 10. h4 c6 (10... Kh8
11. Nh3 Nh5 12. Qh2 c6 13. a3 Ba5 $13 {0-1 Shirov,A-Karpov,A/Dos Hermanas 1995
(23)}) 11. h5 d5 12. Nge2 Nc4 13. h6 g6 14. Bg5 Qb6 15. Na4 Qa5 16. Bxf6 {
1-0 Morozevich,A-Hebden,M/London Lloyds 1994 (26)}) 9. a3 $1 (9. f3 $6 Re6 10.
Bd3 d5 11. Nge2 Ne5 12. Bf5 Re8 13. Bh3 c6 14. Nd4 Bd6 15. Qf2 Nc4 16. Nf5 Bxf5
17. Bxf5 Qa5 18. Kb1 Qb4 19. Bc1 Bf4 $1 $19 {><b2 Marosi,C-Majdanics,A/
Szekszard op (06)/1989/}) 9... Rg4 (9... Bd6 10. f4 Re8 11. Bd3 (11. Nf3 Bc5
12. Bd3 d5 13. Rde1 Rxe1+ 14. Rxe1 Ne7 15. Nh4 Ng6 16. Nf3 Ne7 17. Ne5 Bf5 (
17... Nf5 $5) 18. Bxf5 Nxf5 19. Qd3 Ne7 20. g4 c6 21. g5 {Shabalov,A-Ivanov,AV/
USA-ch (02)/1994/} Ne4 $1 22. Nxe4 dxe4 23. Qxe4 Qd5 24. Nd3 Qxe4 25. Rxe4 $14
{_|_}) 11... Bf8 12. Nf3 d6 13. Rhe1 Ne7 14. h3 Bd7 15. Qf2 c6 16. g4 Qc7 17.
f5 Ned5 18. Qh4 Rxe1 19. Rxe1 Re8 20. g5 $40 {>> Ferron Garcia,C-Etchegaray,P/
Zaragoza op-A (06)/1995/}) (9... Bxc3 10. Bxc3 d5 (10... d6 11. f3 $44) 11. f3
Re6 12. Ne2 d4 $6 (12... Rd6 13. Nd4 Nxd4 14. Bxd4 $44) 13. Nxd4 Rd6 14. Qh4
Be6 15. Be2 $14 {Polgar,J-Hort,V/ Prague Wom-Vet (08)/1995/}) 10. Qe3 (10. Qd3
$5) (10. Qh3 Bxc3 11. Bxc3 d5 12. Bd3 Rc4 13. Qg3 Rxc3 14. bxc3 Qe7 $13) 10...
Bf8 $146 (10... Bd6 11. f3 Rh4 12. g4 $5 Rxh2 13. Rxh2 Bxh2 14. g5 Nh5 15. Re1
$40 {Degraeve,J-Gyimesi,Z/Groningen op 1995/1-0 (35)/}) (10... Ba5 $142 11. f3
Rg6 12. h4 Bb6 13. Qe1 d6 14. h5 Nxh5 15. Rxh5 Bxg1 16. Bd3 Bd4 (16... Bc5 $6
17. Qh1 (17. Bxg6 fxg6 18. Rh1 $13) 17... h6 18. Bxg6 $1 fxg6 19. Rxc5 $1 dxc5
20. Bxh6 Qe7 21. Bf4 $36) 17. Bxg6 fxg6 $13) 11. h3 Rg6 12. Bd3 Rxg2 13. Nge2
$1 {[%csl Rg2][%cal Ge2f4,Gf4g2]} (13. Qf3 $6 Rxg1 14. Rhxg1 Ne5 $13) 13... d6
(13... Bd6 14. Qf3) 14. Nf4 Rg5 15. Ne6 $1 Bxe6 16. Qxg5 g6 17. Qh4 Nd5 (17...
Bg7 18. Bg5 {/\Ne4+-}) 18. Bg5 f6 (18... Be7 $142 19. Bxe7 Qxe7 $14) 19. Nxd5
$1 fxg5 20. Qe4 Ne5 (20... Bf5 21. Qc4 Kh8 (21... Ne5 22. Ne7+ Kg7 23. Qg8+ Kh6
(23... Kf6 $2 24. Nd5#) 24. Nxf5+ gxf5 25. Bxf5 Qe7 (25... Ng6 $2 26. Bxg6 hxg6
27. Qh8#) 26. h4 $18) (21... Bxd3 22. Ne7+ Kg7 23. Qg8+ Kh6 24. Nxc6 bxc6 25.
Rxd3 $18) 22. Bxf5 gxf5 23. f4 $40) 21. Bc4 $1 Bg7 22. Ne3 Bxc4 (22... Qf6 $6
23. Ng4 $1 $18) 23. Nxc4 Kh8 (23... Qf6 $142 $5 24. Qxb7 (24. Nxe5 Qxe5 25.
Qxb7 Rf8 $16) 24... Rf8 25. Qd5+ Rf7 26. Nxe5 Qxe5 27. Qxe5 Bxe5 $16 {_|_}) 24.
Nxe5 Bxe5 25. h4 $1 Qf8 $6 (25... Qf6 $142) 26. Kb1 $1 (26. hxg5 $2 Qf4+ 27.
Qxf4 Bxf4+ 28. Kb1 Rf8 $1 (28... Bxg5 29. Rdg1 Bf4 30. Rxg6 $16) 29. Rd5 (29.
Rhg1 Rf5) 29... Be5 $1 30. Rf1 Rf5 $132) 26... Re8 (26... Qg7 $142 27. hxg5 Rf8
) 27. hxg5 Qg7 $4 $138 (27... Qf7 $142) 28. f4 1-0